| 000 -LEADER |
| fixed length control field |
03058nam a22005415i 4500 |
| 001 - CONTROL NUMBER |
| control field |
978-3-031-11629-2 |
| 003 - CONTROL NUMBER IDENTIFIER |
| control field |
DE-He213 |
| 005 - DATE AND TIME OF LATEST TRANSACTION |
| control field |
20250103112326.0 |
| 007 - PHYSICAL DESCRIPTION FIXED FIELD--GENERAL INFORMATION |
| fixed length control field |
cr nn 008mamaa |
| 008 - FIXED-LENGTH DATA ELEMENTS--GENERAL INFORMATION |
| fixed length control field |
220910s2023 sz | s |||| 0|eng d |
| 020 ## - INTERNATIONAL STANDARD BOOK NUMBER |
| International Standard Book Number |
9783031116292 |
| -- |
978-3-031-11629-2 |
| 024 ## - OTHER STANDARD IDENTIFIER |
| Standard number or code |
10.1007/978-3-031-11629-2 |
| Source of number or code |
doi |
| 050 ## - LIBRARY OF CONGRESS CALL NUMBER |
| Classification number |
TJ1-1570 |
| 072 ## - SUBJECT CATEGORY CODE |
| Subject category code |
TRL |
| Source |
bicssc |
| 072 ## - SUBJECT CATEGORY CODE |
| Subject category code |
TRA006000 |
| Source |
bisacsh |
| 072 ## - SUBJECT CATEGORY CODE |
| Subject category code |
TRL |
| Source |
thema |
| 082 ## - DEWEY DECIMAL CLASSIFICATION NUMBER |
| Classification number |
623.8 |
| Edition number |
23 |
| 100 ## - MAIN ENTRY--PERSONAL NAME |
| Personal name |
Aarnio, Markus. |
| Relator term |
author. |
| Relationship |
aut |
| -- |
http://id.loc.gov/vocabulary/relators/aut |
| 245 ## - TITLE STATEMENT |
| Title |
Cruise Ship Handbook |
| Medium |
[electronic resource] / |
| Statement of responsibility, etc. |
by Markus Aarnio. |
| 250 ## - EDITION STATEMENT |
| Edition statement |
1st ed. 2023. |
| 260 ## - PUBLICATION, DISTRIBUTION, ETC. |
| Place of publication, distribution, etc. |
Cham : |
| Name of publisher, distributor, etc. |
Springer International Publishing : |
| -- |
Imprint: Springer, |
| Date of publication, distribution, etc. |
2023. |
| 300 ## - PHYSICAL DESCRIPTION |
| Extent |
XXII, 190 p. 122 illus., 109 illus. in color. |
| Other physical details |
online resource. |
| 336 ## - CONTENT TYPE |
| Content type term |
text |
| Content type code |
txt |
| Source |
rdacontent |
| 337 ## - MEDIA TYPE |
| Media type term |
computer |
| Media type code |
c |
| Source |
rdamedia |
| 338 ## - CARRIER TYPE |
| Carrier type term |
online resource |
| Carrier type code |
cr |
| Source |
rdacarrier |
| 347 ## - DIGITAL FILE CHARACTERISTICS |
| File type |
text file |
| Encoding format |
PDF |
| Source |
rda |
| 490 ## - SERIES STATEMENT |
| Series statement |
Springer Series on Naval Architecture, Marine Engineering, Shipbuilding and Shipping, |
| International Standard Serial Number |
2194-8453 ; |
| Volume/sequential designation |
14 |
| 505 ## - FORMATTED CONTENTS NOTE |
| Formatted contents note |
What is a Cruise Ship? -- Rules and Regulations -- Safety -- Stability -- Hydrodynamics -- Environmental Aspects -- Structures -- Machinery and Propulsion. |
| 520 ## - SUMMARY, ETC. |
| Summary, etc. |
This book offers a concise, yet comprehensive introduction to the engineering and other principles behind passenger cruise ships. It covers all the important regulations concerning cruise ship design and operation, as well as safety, stability, and environmental aspects. It describes principles of cruise ship hydrodynamics, structures, power plant and propulsion, as well as relevant machinery and control system. Further, it deals with key cruise ship hotel systems, such as air conditioning, freshwater, firefighting, garbage, wastewater and communication systems, and many more. Written in a concise, straightforward style, and including many original drawings, this book offers a unique, informative and inspiring guide, to students and professionals in the field of naval architecture and marine engineering, cruise ship owners and managers, and curious cruise ship passengers alike. |
| 650 ## - SUBJECT ADDED ENTRY--TOPICAL TERM |
| Topical term or geographic name entry element |
Marine engineering. |
| 650 ## - SUBJECT ADDED ENTRY--TOPICAL TERM |
| Topical term or geographic name entry element |
Technological innovations. |
| 650 ## - SUBJECT ADDED ENTRY--TOPICAL TERM |
| Topical term or geographic name entry element |
Transportation engineering. |
| 650 ## - SUBJECT ADDED ENTRY--TOPICAL TERM |
| Topical term or geographic name entry element |
Traffic engineering. |
| 650 ## - SUBJECT ADDED ENTRY--TOPICAL TERM |
| Topical term or geographic name entry element |
Marine Engineering. |
| 650 ## - SUBJECT ADDED ENTRY--TOPICAL TERM |
| Topical term or geographic name entry element |
Innovation and Technology Management. |
| 650 ## - SUBJECT ADDED ENTRY--TOPICAL TERM |
| Topical term or geographic name entry element |
Transportation Technology and Traffic Engineering. |
| 710 ## - ADDED ENTRY--CORPORATE NAME |
| Corporate name or jurisdiction name as entry element |
SpringerLink (Online service) |
| 773 ## - HOST ITEM ENTRY |
| Title |
Springer Nature eBook |
| 776 ## - ADDITIONAL PHYSICAL FORM ENTRY |
| Relationship information |
Printed edition: |
| International Standard Book Number |
9783031116285 |
| 776 ## - ADDITIONAL PHYSICAL FORM ENTRY |
| Relationship information |
Printed edition: |
| International Standard Book Number |
9783031116308 |
| 776 ## - ADDITIONAL PHYSICAL FORM ENTRY |
| Relationship information |
Printed edition: |
| International Standard Book Number |
9783031116315 |
| 830 ## - SERIES ADDED ENTRY--UNIFORM TITLE |
| Uniform title |
Springer Series on Naval Architecture, Marine Engineering, Shipbuilding and Shipping, |
| International Standard Serial Number |
2194-8453 ; |
| Volume/sequential designation |
14 |
| 856 ## - ELECTRONIC LOCATION AND ACCESS |
| Uniform Resource Identifier |
<a href="https://doi.org/10.1007/978-3-031-11629-2">https://doi.org/10.1007/978-3-031-11629-2</a> |
| 912 ## - |
| -- |
ZDB-2-ENG |
| 912 ## - |
| -- |
ZDB-2-SXE |